01432cam a22003617a 4500001000500000005001700005020001800022040003900040050002100079082000900100100003300109245007400142260004700216300004600263490002100309500006300330500002300393505000800416520030700424521002000731521002000751650003100771650003800802650001800840650003200858650002200890650002900912650001900941650002300960700002500983700001801008700004401026299720240131150545.0 a9780618999866 aBTCTAcBTCTAdBAKERdCXPdDLCbeng00aPS3619.A3b 200800a495 1 aSacks, Marcy Goldbergd1974-10aCurious George plays mini golf /cadaptation by Marcy Goldberg Sacks. aBoston :bHoughton Mifflin Company ,c2008 a22 pages :bcolor illustrations ;c24 cm. a Curious George  a"Based on the TV series teleplay written by Craig Miller." a"PBS Kids"--Cover. aJ  aCurious George is playing miniature golf for the first time. He learns that numbers can mean different things, depending where they are used. In this case, he learns that in golf, the biggest score is not the best. Includes two pages of activities, including how to make your own mini mini golf course. a460 bLexile  aJ bRaz-Plus  0aMonkeysvJuvenile fiction. 0aMiniature golfvJuvenile fiction. 0aGolf stories. 0aCountingvJuvenile fiction. 1aMonkeysvFiction. 1aMiniature golfvFiction. 1aGolfvFiction. 1aCountingvFiction.1 aMiller, Craigd1954-1 aRey, Margret.1 aRey, H. A.q(Hans Augusto),d1898-1977.